The interdictor's lot: a dynamic model of the market for drug smuggling services
| VerfasserInnen: | ; |
|---|---|
| Medienart: | Druck Buch |
| Sprache: | Englisch |
| Veröffentlicht: |
Santa Monica, Calif.
RAND
1988
|
| In: |
N / Rand Corporation (N-2632-USDP)
Jahr: 1988 |
| Bestand in Tübingen: | In Tübingen vorhanden. UB: KB 8 E 2942 |
| Verfügbarkeit prüfen: | HBZ Gateway |
| Subito Bestelldienst: | Jetzt bestellen. |
MARC
| LEADER | 00000cam a2200000 c 4500 | ||
|---|---|---|---|
| 001 | 109061151X | ||
| 003 | DE-627 | ||
| 005 | 20251224220332.0 | ||
| 007 | tu | ||
| 008 | 900531s1988 xx ||||| 00| ||eng c | ||
| 035 | |a (DE-627)109061151X | ||
| 035 | |a (DE-576)02061151X | ||
| 035 | |a (DE-599)BSZ02061151X | ||
| 035 | |a (OCoLC)18264623 | ||
| 040 | |a DE-627 |b ger |c DE-627 |e rakwb | ||
| 041 | |a eng | ||
| 082 | 0 | |a 380.14137 | |
| 100 | 1 | |8 1\p |a Cave, Jonathan A. K. |d 1951- |0 (DE-588)170506215 |0 (DE-627)060606363 |0 (DE-576)131386190 |4 aut | |
| 109 | |a Cave, Jonathan A. K. 1951- |a Cave, Jonathan 1951- |a Cave, Jonathan A. 1951- | ||
| 245 | 1 | 4 | |a The interdictor's lot |b a dynamic model of the market for drug smuggling services |c Jonathan A. K. Cave; Peter Reuter |
| 264 | 1 | |a Santa Monica, Calif. |b RAND |c 1988 | |
| 300 | |a XV, 61 S. |b graph. Darst. | ||
| 336 | |a Text |b txt |2 rdacontent | ||
| 337 | |a ohne Hilfsmittel zu benutzen |b n |2 rdamedia | ||
| 338 | |a Band |b nc |2 rdacarrier | ||
| 490 | 1 | |a A Rand note |v N-2632-USDP | |
| 583 | 1 | |a Archivierung prüfen |c 20200919 |f DE-640 |z 1 |2 pdager | |
| 700 | 1 | |a Reuter, Peter |d 1944- |0 (DE-588)130416568 |0 (DE-627)501122109 |0 (DE-576)298182440 |4 aut | |
| 810 | 2 | |a Rand Corporation |t N / Rand Corporation |v N-2632-USDP |9 2632-USDP |w (DE-627)130583391 |w (DE-576)505847957 |w (DE-600)789550-1 |7 am | |
| 883 | |8 1\p |a cgwrk |d 20241001 |q DE-101 |u https://d-nb.info/provenance/plan#cgwrk | ||
| 951 | |a BO | ||
| ELC | |b 1 | ||
| LOK | |0 000 xxxxxcx a22 zn 4500 | ||
| LOK | |0 001 2145671218 | ||
| LOK | |0 003 DE-627 | ||
| LOK | |0 004 109061151X | ||
| LOK | |0 005 20151029122008 | ||
| LOK | |0 008 900531||||||||||||||||ger||||||| | ||
| LOK | |0 040 |a DE-21 |c DE-627 |d DE-21 | ||
| LOK | |0 852 |a DE-21 | ||
| LOK | |0 852 1 |c KB 8 E 2942 |9 00 | ||
| LOK | |0 935 |a krim | ||
| LOK | |0 939 |a 31-05-90 |b l01 | ||
| ORI | |a SA-MARC-krimdoka001.raw | ||
| SIG | |a UB: KB 8 E 2942 | ||
